Plazivá expanzia

Číňania si investíciami a migráciou pripútavajú východné regióny suseda. Prognózy o plazivej expanzii Číny na Sibír a Ďaleký východ.

Gespeichert in:
Bibliographische Detailangaben
1. Verfasser: Žáčková, Magdaléna
Weitere Verfasser: Mašláni, Juraj
Format: Buchkapitel
Sprache:Slowakisch
Schlagworte:
Tags: Tag hinzufügen
Keine Tags, Fügen Sie das erste Tag hinzu!

MARC

LEADER 00000naa a2200000 4500
001 0136389
005 20231113073339.7
041 0 |a slo 
044 |a SK 
245 1 0 |a Plazivá expanzia  |c Magdaléna Žáčková, Juraj Mašláni 
520 |a Číňania si investíciami a migráciou pripútavajú východné regióny suseda. Prognózy o plazivej expanzii Číny na Sibír a Ďaleký východ. 
610 2 0 |a Čína 
610 2 0 |a migrácia 
610 2 0 |a investície v zahraničí 
610 2 0 |a Ďaleký východ 
610 2 0 |a Rusko 
100 1 |a Žáčková, Magdaléna 
700 1 |a Mašláni, Juraj